A Guide to occupational safety and health standards compliance for the lodging industry (Record no. 208613)
[ view plain ]
| 000 -LEADER | |
|---|---|
| fixed length control field | 00394nam a2200133Ia 4500 |
| 008 - FIXED-LENGTH DATA ELEMENTS--GENERAL INFORMATION | |
| fixed length control field | 231221s9999 xx 000 0 und d |
| 041 ## - LANGUAGE CODE | |
| Language code of text/sound track or separate title | English |
| 082 ## - DEWEY DECIMAL CLASSIFICATION NUMBER | |
| Classification number | 647.94 ELL;1 R |
| 100 ## - MAIN ENTRY--PERSONAL NAME | |
| Personal name | Ellis, Raymond C (ed.) |
| 245 #2 - TITLE STATEMENT | |
| Title | A Guide to occupational safety and health standards compliance for the lodging industry |
| 260 ## - PUBLICATION, DISTRIBUTION, ETC. | |
| Date of publication, distribution, etc. | 1997 |
| Name of publisher, distributor, etc. | AH & LEI |
| Place of publication, distribution, etc. | Lansing MI |
| 300 ## - PHYSICAL DESCRIPTION | |
| Extent | x+109 |
| 942 ## - ADDED ENTRY ELEMENTS (KOHA) | |
| Koha item type | Hotel Management Library |
| Date last seen | Total checkouts | Full call number | Accession number | Cost, total (INR) price | Price effective from | Category | Lost status | Damaged status | Department | Withdrawn status | Home library | Current library | Shelving location | Entry date | Vendor | Cost, normal purchase price | Grants | Billnumber | Billdate | Currency symbol | Conversion rate | Discount | Old discount |
|---|---|---|---|---|---|---|---|---|---|---|---|---|---|---|---|---|---|---|---|---|---|---|---|
| 26/01/2024 | 647.94 ELL;1 R | HM1351 | 1351.42 | 26/01/2024 | Hotel Management Library | HEM | Central Library | Central Library | HM | Publisher | 27.58 | HM | 1000650001 | 30/09/2011 | USD | 49 |
